| 000 | 00475nam a2200193Ia 4500 | ||
|---|---|---|---|
| 008 | 170918s9999 xx 000 0 und d | ||
| 020 | _a590477609 | ||
| 050 | _bS587 1992 | ||
| 100 | _aSilverman, Erica | ||
| 245 | _aBig pumpkin / | ||
| 245 | _cErica Silverman ; illuystrated by S. D. Schindler. | ||
| 260 | _aNew York : | ||
| 260 | _bScholastic, | ||
| 260 | _c1992 | ||
| 300 | _aunpaged : | ||
| 300 | _bcolored illustration ; | ||
| 300 | _c20cm. | ||
| 500 | _a350 | ||
| 999 |
_c341251 _d341251 |
||